000 00677nam a2200181Ia 4500
008 100920s9999 xx 000 0 und d
082 _b76189
_a--- 0
100 _aअष्टीकर मंदाकिनी.
245 _aमानसी भावपुष्प फुलले.
260 _bबांदोडकर पब्लिशिंग हाऊस, गोवा.
_c0
300 _a177
_bसाधी
365 _b30
520 _aकादंबरी.
630 _aमानसी भावपुष्प फुलले.
650 _aकादंबरी.
730 _aमानसी भावपुष्प फुलले.
942 _cBOOK
999 _c717624
_d717621